JARCAST Titles - Statistics

General Stats
  • This quiz has been taken 13 times
  • The average score is 45 of 355
Answer Stats
Hint Answer % Correct
103 :)
100%
99 NO
56%
196 The Normal Episode
56%
99.999 Can You Repeat The Question?
44%
99.99 I DON'T KNOW!
44%
99.9 MAYBE...
44%
36 r/fnaf
44%
1 SMOSH HATE US??
44%
42 WORST YOGS EVER
44%
98 YES!
44%
266 Bear Bear
33%
35 BORNED A CHODE
33%
78 BROCAST
33%
4 BUTTS AND RELIGION!
33%
129 Chunky Little Pay Smacker
33%
199C Deez, Sugar Water & Nuts?
33%
294 Dobby's Gina
33%
54 Four Funnies Episode 1
33%
297 Humans Born FRESH
33%
61 IHE HATES THE POPO
33%
115 Iron Man Added To Fortnite?
33%
7 JAMES IS DEAD??
33%
3000 JARCAST 3000
33%
199A Jim's Phantom Menace
33%
256 Moto Moto as a CAR
33%
175 Prepare for Paisley!
33%
165 Rico/Dave/Brian
33%
157 Smosh Still HATE Us
33%
199B Squash on the Rocks
33%
172 Taylor Swift Truman Show (TSTS)
33%
37 The FINAL Yogs Ever?
33%
120 Tiny Totes
33%
YOU'RE NOT THE BOSS OF ME NOW
33%
94 A Certain Hater Returns...
22%
216 Adele Dazeem
22%
155 Admitting To Our Addictions...
22%
43 ALEX IS GONE?
22%
156 A Nutty Crazy Story
22%
254 Are Snash FLAFF
22%
44 ARGY JUST FARTED
22%
248 A Strange One Henceforth
22%
81 BIG CHANGES!
22%
102 BLACK OR WHITE?
22%
91 Brain Perish Scene #2
22%
214 Breie Lersen
22%
67 CAN DOGS SIN!?
22%
62 Cast 62
22%
234 Chaos Energy
22%
226 Chaos Rising
22%
132 Clititasaurus
22%
170 Coffee Dog Riddles
22%
Colossal is Crazy
22%
206 Cookie Dough, Brownie, BOOM!
22%
4 Cringey Gamer Debates
22%
25 DICK TAKES OVER
22%
86 Doggy Doggy Toot Toot!
22%
207 Eagle Brothers Brawl
22%
220 Episode 220
22%
243 Forbidden Energy
22%
57 Four Funnies Go Spelunking
22%
244 G Humbled
22%
35 GOON
22%
136 Horrible Haircuts
22%
6 Hosepipe Aneema
22%
10 HOT GIRL BOOTY SPIDER-MAN!
22%
124 Human Pokemon Hybrids?
22%
273 I DO Declare
22%
116 I drove my car so fast I became anime?
22%
221 Is MemeChat REAlLy Finished?
22%
199 I've Seen Many Winters
22%
106 JAMES EATS A SCORPION
22%
60 JAMES GETS CUCKED
22%
188 Joker's Social Strand Impact
22%
169 Larva Island Invaders!
22%
189 Mario Bros. Invade
22%
185 McFarlane Modroc Melodrama
22%
55 Meme Chat Episode 1 - Four Funnies Episode 2
22%
164 Meme n' Toes
22%
9 OFF THE RAILS
22%
96 Pigs (Three Different Ones)
22%
59 PIRAKA PANIC!
22%
134 Probably Shouldn't Watch This One...
22%
179 Randy RUINS Relaxation
22%
290 SEAL The Deal
22%
72 Shut up. Be SERIOUS!
22%
163 Smosh Love Us?
22%
90 SNUGGLY SNUGGLY AND CUDDLY!
22%
194 Sonitch Improved
22%
127 Sowwi, It Was Riot :(
22%
11 STRASH
22%
1 The Adventure Begins!
22%
48 THE AT-AT DEBATE
22%
69 The Cast is REBORN
22%
32 The Madagascan Characters
22%
203 The Passionate Napper
22%
289 The SLAY Episode
22%
104 TIME... IS RUNNING OUT!
22%
66 TOILET TRAINING 101
22%
154 Totally Legit
22%
2 TRIGGERED!
22%
209 Turns Out, The Star War is Real
22%
125 Venoim Eatin Poo Poo
22%
73 VERY VEGGIE
22%
295 WAKE UP
22%
180 We BROKE Letterboxd
22%
95 We have NEVER been more FURIOUS
22%
123 'Welcome to the JAR Media Podcast'
22%
119 What if the space ate the mountain?
22%
15 YOUTUBE CHANGED HAS?
22%
88 8 Minus 8 Equals EPIC!
11%
291 ABYSMAL Beyond
11%
14 ACCIDENTAL FACE REVEAL??
11%
274 Addressing The Metagame
11%
279 Adore This Pig
11%
144 Angry Joe Loves Beans (Proof)
11%
82 Are YOU A Fanboy?
11%
46 ARGY RUINS THE PODCAST
11%
53 AVOID the NOID
11%
187 Baby George Cry Cry
11%
235 Baby James is Coming Home!
11%
224 Bear v Gorilla (Dawn of in JARstice)
11%
41 Bimeymoomimey!
11%
176 Bing Bang Boing Bo Bozzle Blip ZIP!
11%
122 BONALD BUMP BIG BULLY?
11%
205 Boom Boom, SMACK!
11%
63 CAN YOU SPOT THE SECRET?
11%
121 CARS 4 IN THEATRES
11%
269 Chris House
11%
84 COMPLETELY IRRELEVANT
11%
133 Couple of Cuds and Two Rocks
11%
83 CREATURES OF THE DEEP
11%
149 Demokeracy Is Important
11%
252 DINGLE WAND
11%
201 Direa Destruction
11%
49.96 Does This Smell of Deja Vu?
11%
22 DO NOT WATCH THIS EPISODE
11%
153 Easily Offended? DON'T watch this
11%
12 EXPLOSIVE DIARRHEA
11%
65 EXTRA SAFE PODCAST
11%
222 Feels Like Vin Do
11%
112 Four Funnies Enjoy Instagram (lots)
11%
11 FUNNY POO POO XD
11%
64 GETTING POLITICAL
11%
29 GOATSEBUSTERS
11%
16 GUESS WHO'S BACK!?
11%
51 Ha Ha Ha No No No
11%
117 Halo dead is?
11%
238 Halozzard Spacedonda
11%
137 He Got SMASHED!
11%
25 He's Back.
11%
HOT WET SOUP
11%
113 How to not be BORING (the secret)
11%
299 HR's Problem
11%
145 I Guess Angry Joe Actually Hates Beans?
11%
111 Infinite War Explained (Many Truths Revealed)
11%
245 Instant Nasty
11%
89 JAMES IS A CHEEKY BOY!
11%
101 JARCAST Episode 101 (A somewhat more specialer ep)
11%
210 JARCAST Episode 210
11%
70 JARCAST EPISODE 70
11%
80 JARCAST EPISODE 80!
11%
30 JARLabs Framework (Ft Puff Puff)
11%
107 JAR vs 1000 RATS
11%
159 Joe Lo Truglio
11%
92 KEEMSTAR LOVES MINIONS
11%
223 Land Grandfathers
11%
13 Lucozade SUCK
11%
28 Meet You at Wendy's
11%
268 Mel Drops By
11%
7 Milky Jugs Addiction
11%
126 Mothereffing Gromit
11%
227 NOWEEN
11%
146 Oh Bloomin Hell No
11%
130 ONE HUNDRED AND THIRTY!
11%
232 One Small, Too Tall
11%
293 Orangurilla
11%
8 Orgas Origin
11%
5 OUR BIGGEST FEAR?!?
11%
208 Pandemic Panic Poop (PPP)
11%
278 Peng Ting
11%
158 PewPiePewPwnd
11%
212 Pip. Pop. Poy.
11%
38 Please Give Us Ringworm
11%
215 PREMIUM VOY
11%
52 Probably The Funniest Episode Yet! (Do NOT Miss)
11%
271 P rofanities G uaranteed
11%
68 PROJECTILE BILE
11%
277 Randy The Riddler
11%
77 RAZORFLESH
11%
139 RESERVED
11%
219 Rio Rio Pizza Bean
11%
28 RUBBING YOUR RHUBARB
11%
SCHOOL MEMES
11%
251 SECOND WIND
11%
118 She advised him to come back at once!
11%
36 SHIT/SHOWER/SHAVE
11%
56 Sick Sundays on a Monday Ep 1 - Meme Chat Ep 2 - Four Funnies Ep 3
11%
39 SLIME BOY SUCKERS
11%
174 SLURP Like Skyrim
11%
202 Snakeflap!
11%
178 Spin Time!
11%
217 Stupid Madagascar Men
11%
131 SUPER TRASH BRUDDAS
11%
140 The Barn Boys
11%
213 The Darkness Takes Over!
11%
283 The Deliciousness of Timing
11%
253 The Drone Rogan Experience
11%
198 The Equalibriums
11%
40 The Face of a Gooner
11%
195 The Fallen Sekiro Social Strand Truck
11%
85 THE GOO BIT
11%
171 The GROSS Truth About Minions
11%
225 The JARogan Experience
11%
287 The NORMAL Three
11%
275 The Pudding of Lies
11%
272 The Purple Problem
11%
74 THE SPIDERS ARE COMING!
11%
128 The tRu(ben)th
11%
110 The Truth About Being Borned (with secrets)...
11%
147 The Year of The Mama Begins...
11%
181 This Might Break You're Brains
11%
40 THIS TIME IT'S PERSONAL
11%
135 Tik Tok more like Lik Cok
11%
6 TRAILERS SUCK?
11%
58 TRIPLE TREBLE TELEPHONE
11%
231 Two Tall, One Small
11%
151 Uh oh, ya boy got Bornholm!
11%
182 Unleash The Banana!
11%
280 UP to go DOWN
11%
87 WAT Ashi Wa Dess!
11%
13 WATCH OUT FOR DICK!
11%
138 We Can't Stop CRINGING
11%
114 We DISCOVER The Crabby Patty Secret Formula?
11%
3 WE HATE YOUTUBE!
11%
108 WE LOST A CAST MEMBER... (PREPARE FOR SADNESS)
11%
5 We're a Package Deal!
11%
109 WHE'RE SO SORRY
11%
14 Why Everyone So Cheeky?
11%
8 WHY SO SERIOUS??
11%
160 YeahooooooYeah
11%
31 YOU'RE LATE!
11%
49 Yummy EPIC Food
11%
255 2021 JAR Wrap Up
0%
141 2,5000 Dogs Pooyooping
0%
288 2D SOLDIERS
0%
24 5 Years of Freshie
0%
27 ABSOLUTE FAILURE
0%
264 A Certain Trending Frog
0%
285 Alex Finally Got a BBL
0%
143 Angry Joe Appreciation Epicly Angry Rant
0%
247 Anime Finally Takes Over
0%
298 Apple Fliprounder (ft. Slim Shady)
0%
229 A Race of Immortal Beings
0%
262 A Stroll Down Dingle Lane
0%
18 Baby Yaddle Revealed to BE Darth Maul?
0%
193 Bish and Chips
0%
142 BJÖRNBRÖDER
0%
239 Bumblebee Blues
0%
204 Bumpkin Life
0%
10 Burger Shift Perhaps?
0%
276 Burnin' Down the House!
0%
166 Calm Down Cowboy
0%
292 Civilisation 6 Falldown
0%
257 Completely Droids
0%
261 Completely Fungible Token (CFT)
0%
29 Corncast Muncher 29 (Yes, Jack Black is #Funny)
0%
211 Creamy, Rock Solid & Juicy
0%
42 Disagree Toagree Agree
0%
186 Drakes Baubles
0%
250C Ducks CAN Suck
0%
20 Emotional Support Spidercrab
0%
192 Even Feathers Fly
0%
47 EXTREMELY FUNNY EPISODE!
0%
34 FASHIONABLY LATE?
0%
30 FINGER IN BUTT?
0%
240 Gaslighting Granny
0%
26 GHOSTS'S ARE REAL?
0%
38 Goon Lore
0%
233 Hang On a Singular Moment?
0%
284 Heat on Heat
0%
250D He F'ed Us For Real This Time!!!
0%
24 HE IS ANGERY!
0%
37 Henlo Frens
0%
71 HOLLYWOOD MOVIE SKY LASERS
0%
230 How About One of THESE?
0%
246 Illumination Does it Again
0%
148 I'm Gonna Say The M Word
0%
22 I'm More Than Just 'Some Geek'
0%
173 Ingiesfay Upway Ethay Areabay?
0%
18 IT ALL WENT WRONG!
0%
249.1 It's About DRIVE, It's About POWER
0%
42 2 I Was Nearly Halo Follower?
0%
105 JAMES SMASHED THAT LIKE BUTTON SO HARD THAT HE HAD TO GO TO A&E (Dies?)
0%
23 JAR Media 2020 Recap
0%
9 Keem vs H3 (2015 Redux)
0%
260 Living The Nightmare
0%
161 Lovely Angry Cordial Gate
0%
168 Men in Blacks: Pawny
0%
162 Meringue Ceiling
0%
263 Mice Beaf
0%
270 Milky Regret (12 MILLION)
0%
242 Notnite Alonenite Oncenite Morenite
0%
282 Not So #GentleMinion
0%
281 Obi-One Reenobi
0%
167 Oh Dear
0%
177 Pawny Ain't Gone YET
0%
228 Piggy In The Middle
0%
12 Play at Your Stations Gamers, This is NOT a Drill
0%
21 PREPARE TO BE MAD
0%
267 Proffessional Qualities (JimJam)
0%
152 Puss in Book
0%
3 Put The Money Where The Mouth Is!
0%
93 REALLY CUTE GOLDEN LAB CUDDLE
0%
31 Reddit Monkey Strenk
0%
17 ROYALE WITH CHOLOS
0%
286 Septoplasty, Scary Subreddit, Somehow Danced
0%
20 SHAVE YOUR GRUNDLE
0%
23 SHITHEAD LARRY WANTS OUT
0%
184 Shreddies Absorb... WHAT?
0%
197 Sicky Crimbo Blues
0%
249 Skillful Dodgers
0%
76 SLIMY THIEVING CHILDREN
0%
2 Slippery Discoveries!
0%
33 Smart Mort Mini Egg Mystery
0%
27 Sniff THIS
0%
259 Son of Art Garfunkle
0%
241 So You Are by Yourself HUH? Must be a Solo
0%
258 Splosh, Smosh & Resolute Nosh
0%
32 STAY ON TARGET
0%
296 SUNFLOWER SOUP
0%
33 SUPER WEENIE HUT Jr's
0%
218 Tator Between Three Dibbidomes
0%
190 Testing Fart Filtering Underwear
0%
250B The BEAVER
0%
21 The Cursed Cast (Five Bean/Five Rice)
0%
17 #thegoldenfreddie
0%
79 THE HAPPY WHOLESOME CAST EPISODE 1
0%
15 The Mink Economy
0%
49.5 THE ONE WITH NO EDITING AT ALL
0%
49.9 The SECRET Hidden 2016 Movie
0%
26 They Found IT They Found IT
0%
45 This Time, The Truth Comes Out...
0%
236 Thousands of Bees with Ease
0%
97 Three Funnies Talk 2017 (and Cyborg too!)
0%
39 Toilet Time
0%
34 TOo Human TOo
0%
19 TOP BUTTONS UP
0%
75 TRIGGER WARNING (FOR REAL)
0%
183 Tubers Dyin, Apologies & Cryin
0%
191 We All Have Our Own World
0%
16 Where tf is Mario Judah?
0%
265 Wonderfully Magnificants
0%
19 Yaddle Rising Revengence
0%
237 Yeah, He Went THAT Way
0%
250A Zuck Gets META
0%
No matching quizzes found
Score Distribution
Percent of People with Each Score
Percentile by Number Answered
Your Score History
You have not taken this quiz